I confini di Babele /
Saved in:
| 主要作者: | |
|---|---|
| 其他作者: | |
| 格式: | 图书 |
| 语言: | 意大利语 |
| 出版: |
Milano :
Longanesi,
[2006]
|
| 丛编: | La lente di Galileo ;
35 |
| 主题: | |
| 标签: |
没有标签, 成为第一个标记此记录!
|
MARC
| LEADER | 00000nam a2200000 i 4500 | ||
|---|---|---|---|
| 001 | IT\ICCU\UBO\2898203 | ||
| 003 | ItRI | ||
| 005 | 20260218112536.0 | ||
| 008 | 060130s2006 it |||||| ||||| |||||c | ||
| 015 | |2 IT |a 2007-672 | ||
| 020 | |a 8830422800 | ||
| 040 | |b ita |c arcigay verona | ||
| 041 | 7 | |a ita |2 ISO-639-2 | |
| 082 | |a 400 |2 19 | ||
| 100 | 1 | |a Moro, Andrea, |d (1962- ) |0 IT\ICCU\CFIV\045001 |4 aut | |
| 245 | 1 | 2 | |a I confini di Babele / |c Andrea Moro ; nota introduttiva di Noam Chomsky. |
| 260 | |a Milano : |b Longanesi, |c [2006] | ||
| 300 | |a 308 p. ; |c 21 cm. | ||
| 650 | 7 | |a Linguaggio |x Fisiologia | |
| 700 | 1 | |a Chomsky, Noam |0 IT\ICCU\CFIV\103508 | |
| 830 | 3 | |a La lente di Galileo ; |v 35 |0 IT\ICCU\RAV\0274129 | |
| 942 | |2 ddc |c BK | ||
| 952 | |0 0 |1 0 |2 ddc |4 0 |6 401_000000000000000_MOR_CON |7 0 |9 33063 |a VR |b VR |d 2026-02-18 |i 124 |l 0 |o 401 MOR CON |p OBE-124 |r 2026-02-18 11:26:07 |w 2026-02-18 |y BK | ||
| 999 | |c 28726 |d 28726 | ||